000233625 001__ 233625 000233625 005__ 20260121091945.0 000233625 0247_ $$2ISSN$$a0013-936X 000233625 0247_ $$2ISSN$$a1944-8244 000233625 0247_ $$2ISSN$$a1944-8252 000233625 0247_ $$2WOS$$aWOS:000331493200068 000233625 0247_ $$2DOI$$a10.1021/am4048317 000233625 0247_ $$2HSB$$a999910335804 000233625 0247_ $$2SCOPUS$$aSCOPUS:2-s2.0-84894223806 000233625 037__ $$aRWTH-CONV-082512 000233625 041__ $$aEnglish 000233625 1001_ $$0P:(DE-82)001662$$aAbdu, Said$$b0 000233625 245__ $$aLayer-by-Layer Modification of Cation Exchange Membranes Controls Ion Selectivity and Water Splitting$$honline, print 000233625 260__ $$aWashington, DC$$bAmerican Chemical Society$$c2014 000233625 3367_ $$0PUB:(DE-HGF)16$$2PUB:(DE-HGF)$$aJournal Article$$bjournal$$mjournal 000233625 3367_ $$2DataCite$$aOutput Types/Journal article 000233625 3367_ $$00$$2EndNote$$aJournal Article 000233625 3367_ $$2BibTeX$$aARTICLE 000233625 3367_ $$2ORCID$$aJOURNAL_ARTICLE 000233625 3367_ $$2DRIVER$$aarticle 000233625 536__ $$0G:(GEPRIS)191948804$$aDFG project 191948804 - SFB 985: Funktionelle Mikrogele und Mikrogelsysteme (191948804)$$c191948804$$x0 000233625 536__ $$0G:(GEPRIS)221487658$$aSFB 985 C04 - Polyelektrolyt-Membranen auf Mikrogelbasis (C04) (221487658)$$c221487658$$x1 000233625 591__ $$aGermany 000233625 591__ $$aSpain 000233625 7001_ $$0P:(DE-82)066318$$aMarti-Caatayud, Manuel-César$$b1 000233625 7001_ $$0P:(DE-82)001664$$aWong, John E.$$b2 000233625 7001_ $$0P:(DE-82)066319$$aGarcía-Gabaldón, Montserrat$$b3 000233625 7001_ $$0P:(DE-82)IDM00476$$aWessling, Matthias$$b4 000233625 773__ $$0PERI:(DE-600)2467494-1$$a10.1021/am4048317$$n3$$p1843-1854$$tACS applied materials & interfaces$$v6$$x1944-8244 000233625 909CO $$ooai:publications.rwth-aachen.de:233625$$pVDB 000233625 9151_ $$0StatID:(DE-HGF)0031$$2StatID$$aPeer reviewed article 000233625 9201_ $$0I:(DE-82)416110_20140620$$k416110$$lLehrstuhl für Chemische Verfahrenstechnik und Institut für Verfahrenstechnik$$x0 000233625 961__ $$c2014-05-05$$x2014-03-21$$z2012-02-20 000233625 970__ $$ahsb999910335804 000233625 980__ $$ajournal 000233625 980__ $$aI:(DE-82)416110_20140620 000233625 980__ $$aVDB 000233625 980__ $$aUNRESTRICTED 000233625 980__ $$aConvertedRecord